Памет и съвест (Запис номер 373006)
[ съкратено ]
| 000 -Лидер | |
|---|---|
| Контролно поле с фиксирана дължина | 01176nam a2200325 a 4500 |
| 003 - Код на организацията, давaща контролен номер | |
| Контролно поле | BLK |
| 005 - Дата и час на последна редакция | |
| Контролно поле | 20240925100119.0 |
| 008 - Елементи от данни с фиксирана дължина | |
| fixed length control field | 180410b bul|||||r ||||||| ||bul|| |
| 010 ## - Наследен системен номер | |
| LC control number | KNG00162129000 |
| 020 ## - Международен стандартен номер на книга ISBN | |
| Международен стандартен номер на книга ISBN | 9786197058802 |
| 040 ## - Източник на каталожния запис | |
| Идентификатор на билиотеката - собственик на записа | BLK |
| 041 ## - Код за език | |
| Код за езика на текст/звукозапис или на отделно заглавие | Български |
| Код за езика КДБФ | Български |
| 080 ## - УДК | |
| Текстов определител УДК | Българска литература |
| УДК код - определител по УДК | 821.163.2 |
| УДК определител | -32 |
| УДК - код + определител | 821.163.2-32 |
| 100 1# - Редна дума - Автор | |
| Автор | Георгиев, Керчо Атанасов |
| Авторска отговорност | първи автор |
| R(LIN) | 300532 |
| 139 ## - Редно поле | |
| Редна дума | Георгиев, Керчо Атанасов |
| Авторски знак | Георгиев - Г 37 |
| 245 10 - Сведения за заглавието | |
| Заглавие | Памет и съвест |
| Подзаглавни данни | Разкази |
| Редно поле (дума) | Керчо Атанасов Георгиев ; предг. Йордан Василев. |
| 250 ## - Област на изданието | |
| Сведения за изданието | 2. прераб. и доп. изд. |
| 257 ## - Страна на издаване | |
| Страна на създаване/издаване | България |
| 260 ## - Област на издателските данни | |
| Място на издаване, разпространение и проч. | Русе |
| Име на издателя, разпространителя и проч. | Лени-Ан |
| Година на издаване | 2020 |
| 300 ## - Физическа характеристика | |
| Страници | 163 с. |
| Илюстрации и др. | с портр. |
| Размери/Мащаб | 21 см |
| 380 ## - Жанр | |
| Жанр | Худож. лит. |
| 500 ## - Общи забележки | |
| Забележка | 1. изд. 2013. |
| 700 ## - Други автори (авторска отговорност) | |
| 9 (RLIN) | 401063 |
| Лично име | Василев, Йордан Григоров |
| Автороска отговорност (Описва отношението между автора и произведението) | предг. |
| 852 ## - Местоположение | |
| Форматна сигнатура | Цб 300571 |
| Фондова буква | Хранилище |
| 852 ## - Местоположение | |
| Фондова буква | Краезнание |
| Систематично-азбучна сигнатура | К 821.163.2-32/Г 37 К |
| 852 ## - Местоположение | |
| Фондова буква | Заемна - подръчен фонд |
| Систематично-азбучна сигнатура | 821.163.2-32/Г 37 К |
| 942 ## - АРТИКУЛИ | |
| Вид на библиотечния материал | Книги |
| Скрит в OPAC | Не |
| Koha issues (borrowed), all copies | 2 |
| Периодичен библиозапис | Да |
| 944 ## - СЪЗДАВАНЕ И РЕДАКЦИЯ на ЗАПИСА | |
| Дата на регистрацията/редакция | 2020-07-03 |
| Статус, дата на статуса | Моника Янева |
| Служител, извършил регистрацията/редакцията | 30570 |
| 944 ## - СЪЗДАВАНЕ И РЕДАКЦИЯ на ЗАПИСА | |
| Създаване/Редакция | Редакция |
| Служител, извършил регистрацията/редакцията | М.Я. |
| 999 ## - СИСТЕМНИ КОНТРОЛНИ НОМЕРА | |
| Koha biblionumber | 373006 |
| Koha biblioitemnumber | 373006 |
| Код за отписване | Код за изгубен артикул | Източник на класификационната схема | Код за повреда | Коз за рестрикции | Код за отдаване | Артикулен № | Име на библиотеката - собственик | Име на библиотеката, в която се намира в момента | Статус (Текущо местоположение) | Дата на вписване в системата | Местоположение - отдел | Цена в лева | Систематично азбучна сигнатура | Баркод | Цена в евро | Служебен тип на артикула | Инвентарен номер |
|---|---|---|---|---|---|---|---|---|---|---|---|---|---|---|---|---|---|
| Не е изгубен | Universal Decimal Classification | Не е повреден | без рестрикции | ползва се в читалня | 781559 | Регионална библиотека "Любен Каравелов" Русе | Регионална библиотека "Любен Каравелов" Русе | Хранилище | 2020-07-06 | Хранилище | 6.50 | Цб 300571 | 120000845553 | 3.32 | Книги | ||
| Не е изгубен | Universal Decimal Classification | Не е повреден | само за читалня | ползва се в читалня | 882201 | Регионална библиотека "Любен Каравелов" Русе | Регионална библиотека "Любен Каравелов" Русе | Краезнание | 2022-04-19 | Краезнание | 15.00 | К 821.163.2-32/Г 37 К | 120000871250 | 7.67 | Книги | ||
| Не е изгубен | Universal Decimal Classification | Не е повреден | заемане за дома | 950026 | Регионална библиотека "Любен Каравелов" Русе | Регионална библиотека "Любен Каравелов" Русе | Заемна - подръчен фонд | 2024-09-30 | Заемна - подръчен фонд | 12.00 | 821.163.2-32/Г 37 К | 120000913384 | 6.14 | Книги | 120000913384 |